Top 14, clubs de la saison 2024-2025. - Statistiques

Statistiques générales
  • Ce quiz a été pris 806 fois
  • Le résultat moyen est 13 sur 14
Statistiques - réponses
Classement saison 2024 Clubs % Correct
1er Stade toulousain
100%
2e Union Bordeaux-Bègles
98%
5e RC Toulon
97%
3e Stade français Paris
97%
6e Racing 92
94%
4e Stade rochelais
93%
11e Lyon OU
91%
10e USA Perpignan
90%
12e Aviron bayonnais
90%
8e ASM Clermont
89%
9e Section paloise
89%
13e Montpellier HR
89%
1er (Pro D2) RC Vannes
87%
7e Castres olympique
84%
Aucun quiz correspondant
Distribution des résultats
% des personnes avec chaque résultat
Percentile par nombre de réponses
Votre historique - résultats
Vous n’avez pas pris ce quiz